阪神高速道路の出入口・JCT・PA - Statistics

General Stats
  • This quiz has been taken 19 times
  • The average score is 84 of 232
Answer Stats
Number Answer % Correct
11-03 梅田出入口
88%
11-11 池田出入口
88%
3-10 西宮出入口
82%
3-09 西宮IC
82%
尼崎PA
82%
1-14 なんば出口
76%
12-08 | 12-10 守口出入口
76%
12-09 守口JCT
76%
守口TB
76%
3-17 | 3-18 京橋出入口
71%
14-01 天王寺出口
71%
15-0715-08 堺出入口
71%
13-05 東大阪JCT
71%
京橋PA
71%
堺TB
71%
3-11 芦屋出入口
65%
16-06 | 4-01 天保山出入口
65%
5-01 南港北入口・南港JCT
65%
5-02 天保山出入口・天保山JCT
65%
16-07 南港北入口 南港JCT
65%
天保山JCT
65%
南港JCT
65%
14-09 松原JCT
65%
芦屋TB
65%
泉佐野TB
65%
1-08 本町出口
59%
3-12 深江出入口
59%
4-13 | 4-14 泉大津出入口
59%
13-07 中野出入口
59%
14-02 阿倍野入口
59%
15-06 住之江出入口
59%
16-03 九条出口
59%
泉大津PA
59%
12-07 森小路ミニPA 森小路出入口
59%
1-01 湊町出入口
53%
1-01 湊町出口
53%
3-03 海老江出入口
53%
3-13 魚崎出入口
53%
4-194-20 貝塚出入口
53%
11-01 中之島入口
53%
11-04 福島出入口
53%
12-05 都島入口
53%
13-02 森之宮出入口
53%
13-04 長田出入口
53%
17-04 弁天町出入口
53%
2-02 ユニバーサルシティ出口
53%
中之島JCT
53%
湊町JCT
53%
海老江JCT
53%
15-01 湊町出口・PA
53%
弁天町ミニPA
53%
長田TB
53%
1-06 北浜出口
47%
4-10 高石出入口
47%
11-06 加島出入口
47%
11-10 大阪空港出入口
47%
14-06 喜連瓜破出入口
47%
えびすJCT
47%
7-09 箕谷JCT・出入口
47%
32-05 箕谷JCT 箕谷出入口
47%
32-05 箕谷JCT 箕谷出入口
47%
高石PA
47%
大阪空港TB
47%
3-08 武庫川出入口
41%
4-154-16 岸和田北出入口
41%
4-174-18 岸和田南出入口
41%
5-04 5-05 中島出入口
41%
5-09 甲子園浜出入口
41%
7-12 有馬口出入口
41%
11-0711-08 豊中南出入口
41%
11-09 豊中北出入口
41%
12-02 扇町出入口
41%
13-08 水走出入口
41%
14-07 三宅出入口
41%
16-01 阿波座出入口
41%
5-16 六甲アイランド北出入口
41%
阿波座JCT
41%
5-19
5-20
5-21
垂水JCT
41%
三宅JCT
41%
有馬口JCT
41%
中島PA
41%
1-02 四ツ橋入口
35%
1-05 堂島入口
35%
2-03 島屋出入口
35%
3-06 尼崎東出口
35%
3-07 尼崎西出入口
35%
3-143-15 摩耶出入口
35%
3-16 生田川出入口
35%
3-21 | 3-22 湊川出入口
35%
3-243-25 月見山出入口
35%
4-02 南港北出口
35%
4-03 南港南出入口
35%
5-08 鳴尾浜出入口
35%
5-10 西宮浜出入口
35%
13-03 高井田出入口
35%
14-03 文の里出入口
35%
14-05 平野出入口
35%
湊川JCT
35%
4-23 りんくうJCT
35%
5-17 名谷JCT
35%
7-16 西宮山口TB 西宮山口JCT
35%
1-09 長堀入口
29%
4-24 南港中出入口
29%
4-12 助松出入口
29%
5-07 尼崎末広出入口
29%
5-125-13 深江浜出入口
29%
5-14 住吉浜出入口
29%
5-15 魚崎浜出入口
29%
6-026-03 鉄砲出入口
29%
6-06 天美出入口
29%
11-05 塚本出入口
29%
12-01 南森町出入口
29%
14-04 駒川出入口
29%
15-05 玉出出入口
29%
7-07 しあわせの村出入口 白川PA
29%
西船場JCT
29%
天神橋JCT
29%
東船場JCT
29%
北港JCT
29%
4-04 | 6-01 三宝出入口・JCT
29%
4-11 助松JCT
29%
朝潮橋PA
29%
瓜破TB
29%
1-03 信濃橋出口
24%
1-03 信濃橋入口
24%
1-07 高麗橋入口
24%
1-10 道頓堀出口
24%
1-11 高津入口
24%
1-13 えびす町入口
24%
16-02 | 3-01 西長堀出入口
24%
3-193-20 柳原出入口
24%
3-23 若宮出入口
24%
4-09 浜寺出入口
24%
5-06 尼崎東海岸出入口
24%
11-02 出入橋出口
24%
11-12 神田出入口
24%
11-13 川西小花出入口
24%
12-06 城北出口
24%
13-01 法円坂出入口
24%
13-06 東大阪荒本出口
24%
13-06 東大阪荒本出入口
24%
15-03 芦原出口
24%
15-04 津守出入口
24%
16-04 本田入口
24%
16-05 波除出入口
24%
31-02 神戸長田出入口
24%
32-02 | 32-03 新神戸駅出口
24%
高津JCT
24%
7-01 伊川谷JCT
24%
白川JCT
24%
城北JCT
24%
1-04 土佐堀出口
18%
1-12 夕陽丘出入口
18%
2-01 淀川左岸舞洲出入口
18%
2-05 大開出入口
18%
3-02 中之島西出入口
18%
3-04 姫島出入口
18%
3-05 大和田出入口
18%
4-07 出島出入口
18%
4-08 石津出入口
18%
4-21 泉佐野北出入口
18%
4-22 泉佐野南出入口
18%
5-03 湾岸舞洲出入口
18%
5-11 南芦屋浜出入口
18%
6-07 三宅西出入口
18%
7-08 藍那出入口
18%
7-10 からと西出入口
18%
11-14 池田木部第一出入口
18%
11-15 池田木部第二出入口
18%
12-03 長柄出入口
18%
15-02 汐見橋入口
18%
17-01 北津守出入口
18%
17-05 安治川出入口
18%
31-03 妙法寺出入口
18%
32-01 国道2号入口
18%
32-01 国道2号出口
18%
布施畑JCT
18%
蛍池JCT
18%
南芦屋浜PA
18%
三宅西TB
18%
2-04 正蓮寺川出入口
12%
4-054-06 大浜出入口
12%
6-046-05 常磐出入口
12%
7-05 布施畑西出入口
12%
7-06 布施畑東出入口
12%
7-11 からと東出入口
12%
7-15 西宮山口東出入口
12%
14-08 大堀出入口
12%
17-02 大正東出入口
12%
17-03 大正西出入口
12%
32-02 二宮入口
12%
7-17 五社出入口
12%
7-02 永井谷JCT・出入口
12%
南開JCT
12%
布引JCT
12%
泉大津大型専用PA
12%
南開TB
12%
7-04 前開出入口
6%
7-137-14 西宮山口南出入口
6%
31-04 白川南出入口
6%
前開PA
6%
7-03 前開TB 前開出入口
6%
7-18 柳谷TB 柳谷JCT
6%
No matching quizzes found
Score Distribution
Percent of People with Each Score
Percentile by Number Answered
Your Score History
You have not taken this quiz